Dsida, az újságíró
Elmentve itt :
| Szerző: | |
|---|---|
| Adatforrás: | Meister |
| Forrásdokumentuma: | A Hét. - 37 sz., 1992, 6-7 p. |
| Nyelv: | magyar |
| Kulcsszavak: | irodalomtörténet DSIDA Jenő |
| LEADER | 00347nab a2200133 i 4500 | ||
|---|---|---|---|
| 001 | bibPRO00006534 | ||
| 008 | 060524s1992 xx hun | ||
| 040 | |a Sz1 | ||
| 041 | |a hun | ||
| 100 | 1 | |a BOGDÁN László | |
| 245 | 1 | 0 | |a Dsida, az újságíró |c BOGDÁN László |
| 695 | |a irodalomtörténet | ||
| 695 | |a DSIDA Jenő | ||
| 773 | 0 | |t A Hét. - |g 37 sz., 1992, 6-7 p. | |